000 00368nam a2200145Ia 4500
008 220923s9999 xx 000 0 und d
020 _a978-81-8038-935-1
082 _bCHA
100 _aCHAUHAN, K. S.
245 0 _aPARLIAMENT POWERS , FUNCTIONS AND PRIVILEGES
260 _bLEXIS NEXIS, GURGAON
_c2013
300 _a797
650 _aLegal Studies
942 _cBK
999 _c195130
_d195130